000 01060nam a2200301 a 4500
999 _c440219
_d440219
003 BLK
005 20250517102130.0
008 211215b bul|||||r ||||||| ||bul||
020 _a9786191517411
040 _aBLK
041 _aBUL
_cBUL
080 _aБългарска литература
_b821.163.2
_x-93-34
_z821.163.2-93-34
139 _aПриказки подаръци
_bП 88
245 1 0 _aПриказки подаръци
_cсъстав. Димитър Риков; ил. Стелияна Донева.
257 _aBGR
260 _aСофия
_bСофтПрес
_c2021
300 _a248 с.
_bс цв. ил.
_c28 см
380 _aDX
653 _aприказки
653 _aлитература за деца
653 _aдетска литература
700 _aРиков, Димитър
_eсъстав.
_91478
700 _aДонева, Стелияна Христова
_eил.
_9389476
856 4 _qpdf
856 4 _qpdf
942 _cKNG
_n0
_s1
_016
944 _aCR
_c2021-12-15
_k30550
_lКети Илиева